LEADER 00915nam0-22003251i-450- 001 990007993090403321 005 20050127104547.0 010 $a88-703-1732-3 035 $a000799309 035 $aFED01000799309 035 $a(Aleph)000799309FED01 035 $a000799309 100 $a20050127d1989----km-y0itay50------ba 101 0 $aita 102 $aIT 105 $ay-------001yy 200 1 $a<>terra e le forze$ele immagini della volonta$fGaston Bachelard 210 $aComo$cRed$d1989 215 $a356 p.$c1 ritr$d23 cm 225 1 $aImmagini del profondo$v25 300 $aTrad. di A. C. Peduzzi, M. Citterio 676 $a153.3$v11 rid.$zita 700 1$aBachelard,$bGaston$f<1884-1962>$011372 801 0$aIT$bUNINA$gRICA$2UNIMARC 901 $aBK 912 $a990007993090403321 952 $aXI F B 1(4)$b700$fDFD 959 $aDFD 996 $aTerra e le forze$9751873 997 $aUNINA LEADER 01815nas 2200505 c 450 001 996214190503316 005 20240131153938.0 011 $a2725-9757 035 $a(CKB)1000000000759392 035 $a(DE-101)1048226220 035 $a(DE-599)ZDB2760716-1 035 $a(EXLCZ)991000000000759392 100 $a20140307b19802000 |y | 101 0 $afre 135 $aur||||||||||| 181 $ctxt$2rdacontent 182 $cc$2rdamedia 183 $acr$2rdacarrier 200 00$aChronique d'histoire maritime$elettre d'information semestrielle de la CFHM$fCommission Franc?aise d'Histoire Maritime (CFHM) 210 31$aParis$d1980-2000 215 $aOnline-Ressource 300 $aGesehen am 28.11.2016 311 $a0243-6671 606 $3(DE-588)4054184-8$3https://d-nb.info/gnd/4054184-8$3(DE-101)040541843$aSeeschifffahrt$2gnd 606 $3(DE-588)4020517-4$3https://d-nb.info/gnd/4020517-4$3(DE-101)040205177$aGeschichte$2gnd 606 $3(DE-588)4067488-5$3https://d-nb.info/gnd/4067488-5$3(DE-101)040674886$aZeitschrift$2gnd 606 $3(DE-588)4054184-8$3https://d-nb.info/gnd/4054184-8$3(DE-101)040541843$aSeeschifffahrt$2gnd 606 $3(DE-588)4020517-4$3https://d-nb.info/gnd/4020517-4$3(DE-101)040205177$aGeschichte$2gnd 606 $3(DE-588)4067488-5$3https://d-nb.info/gnd/4067488-5$3(DE-101)040674886$aZeitschrift$2gnd 607 $aFrankreich$2gnd 608 $aZeitschrift$2gnd-content 615 7$aSeeschifffahrt 615 7$aGeschichte 615 7$aZeitschrift 615 7$aSeeschifffahrt 615 7$aGeschichte 615 7$aZeitschrift 676 $a550 801 0$b0355 801 1$bDE-101 801 2$b9999 906 $aJOURNAL 912 $a996214190503316 996 $aChronique d'histoire maritime$92835470 997 $aUNISA